О сносе среднего корпуса Вознесенского монастыря в Кремле

Доступно только в Электронных читальных залах Найти на картеНа карте
RUSMARC
00004004nac2a22002773x 450
001dfa324a2-95cd-4270-9443-1700dd238d38
00520230718001036.0
100##$a20230613l19291929k y0rusy50 ca
1010#$arus
102##$aRU
105##$ay z |||||
1222#$ad19290507
$ad19290509
2001#$aО сносе среднего корпуса Вознесенского монастыря в Кремле
$j07.05.1929 - 09.05.1929
215##$a6 листов
$d36,4 х 22,9
251##$cДело
300##$aВ деле обратная нумерация листов
300##$aЛисты: 4-1 - текст уходит в корешок дела
300##$aЧасть текста машинописная с рукописными пометками, часть - напечатана типографским способом
324##$aВ деле имеются копии отдельных документов
461#0$1001796d4672-8a00-4986-b488-6e42273792cc
$12001
$aЦЕНТРАЛЬНЫЙ ИСПОЛНИТЕЛЬНЫЙ КОМИТЕТ СССР (ЦИК СССР).
$1251
$cФонд
$1852
$gР
$j3316
462#0$10016e6e8ba4-e15f-4ad4-8937-f1e88c150bfe
$12001
$aДела Секретариата Президиума ЦИК Союза ССР. 1929 г.
$vД. 856
$1251
$cОпись
$1852
$j22
60101$3RU\NLR\AUTH\880357276
$aСССР
$bЦИК
60102$aВознесенский монастырь (Москва)
801#0$aRU
$bGA_RF
801#1$aRU
$bГлавНИВЦ
$c20230613
$2rusmarc
801#2$aRU
$bПБ им. Б.Н. Ельцина
$c20230718
$gRCR
$2rusmarc
852##$aГА РФ
$j856
937##$d186581916
$hГАРФ
035##$aRuPRLIB51072361
856##$uhttp://readingroom.main.prlib.ru/item.aspx?id_node=n186581916&mode=full
Формат отображения